| 000 | 00454nam a2200169 a 4500 | ||
|---|---|---|---|
| 001 | 000023099 | ||
| 005 | 20200930022004.0 | ||
| 008 | 101126s2000 ck r 000 | spa d | ||
| 020 | _a9589196985 | ||
| 040 |
_aDO-SdBNP _bspa _cBNPHU |
||
| 082 |
_axxx _bG372d |
||
| 100 | 1 |
_aGermain, Saint _947563 |
|
| 245 | 1 | 0 |
_aDiscursos del Yo soy / _cSaint Germain. |
| 260 |
_aSantafé de Bogotó : _bSolar, _c2000. |
||
| 300 |
_a460 [2] p. ; _c21 cm. |
||
| 049 | _aBNGR | ||
| 999 |
_c22596 _d22596 |
||